| 000 | 00496nam a22001697a 4500 | ||
|---|---|---|---|
| 003 | LK-CoMWRAF | ||
| 005 | 20230922232733.0 | ||
| 008 | 230922b1996 |||||||| |||| 00| 0 eng d | ||
| 040 |
_aLK-CoMWRAF _dLK-CoMWRAF _eLK-CoMWRAF |
||
| 041 | _aeng | ||
| 082 |
_a299 _bSAI |
||
| 100 | _aSaibaba, Bhagavan Sri Sathya | ||
| 245 | _aThe Power and the potency of the gayatri mantra as taught and expounded | ||
| 260 |
_aColombo : _bThe Sri sathya sai organisation _c1996 |
||
| 650 | _aSai baba | ||
| 942 | _cBK | ||
| 999 |
_c3623 _d3623 |
||